[List Karola Kuzmányho Jozefovi Miloslavovi Hurbanovi]

O riešení sporu medzi Jánom Borbisom a J. M. Hurbanom

Bibliographic Details
Main Author: Kuzmány, Karol, 1806-1866 (Author)
Format: Manuscript Book
Language:Czech
PhysicalDescription:1 nečíslovaná strana rukopis, voľný list 34 cm
Published: V turč. Sv. Martine 5.7.1864
Subjects:

MARC

LEADER 00000ntmaa2200000 a 4500
001 vtls012078031
003 SK-MaSNL
005 20260301104402.0
008 251104e1864 xo || 000 idcze
035 |a urn:nbn:sk:snk-tm00gk54 
035 |a urn:nbn:sk:snk-tm3n4s9 
035 |a D12C9348-B579-4BFA-BD6F-21E40F77EFBD 
040 |a SNKLA  |b slo  |c SNKLA  |e AACR2 
041 0 |a cze 
044 |a xo  |c SK 
080 |a 025.171  |2 2011 
080 |a (044)  |2 2011 
080 |a 316.48  |2 2011 
100 1 |a Kuzmány, Karol,  |d 1806-1866  |4 aut  |9 93003 
245 1 0 |a [List Karola Kuzmányho Jozefovi Miloslavovi Hurbanovi]  |c DrK. Kuzmány 
260 |a V turč. Sv. Martine  |c 5.7.1864 
300 |a 1 nečíslovaná strana  |b rukopis, voľný list  |c 34 cm 
500 |a Adresát podľa pôvodného spracovania 
500 |a Ceruzou: č. 84/31 a číslo 2 s podtrhnutím 
520 2 |a O riešení sporu medzi Jánom Borbisom a J. M. Hurbanom 
555 0 |a Zbierka literárnych jednotlivín 
561 |a Okrúhla pečiatka: Archiv Slovenského národného muzea v Turč. Sv. Martine 
600 1 7 |a Borbis, Ján,  |d 1832-1912  |2 SNKLA  |9 260254 
650 0 7 |a konflikty  |2 SNKPH  |9 4470 
655 7 |a rukopisy  |2 SNKPH  |9 70548 
655 7 |a korešpondencia  |2 SNKPH  |9 60843 
655 7 |a listy  |2 SNKPH  |9 84490 
700 1 |a Hurban, Jozef Miloslav,  |d 1817-1888  |4 rcp  |9 93005 
752 |a Slovensko  |d Martin 
852 |a Slovenská národná knižnica  |b Literárny archív 
958 |a ZLJ 
958 |a LAVD 
999 |c 697990  |d 699920 
952 |a SNKLA  |b SNKLA  |c SNKLA_DEP  |y NEVYP  |7 0  |p 17A1229945  |o snkJ 549  |0 0  |1 0  |4 0  |d 2021-11-19  |f 1  |l 0  |r 2026-02-23 20:47:56  |w 2026-02-23